ბათუმის შოთა რუსთაველის სახელმწიფო უნივერსიტეტის ბიბლიოთეკა

აუდიტი და მარწმუნებელი მომსახურება (ამმ) (ბიბ.ჩანაწერი № 62194)

000 -ლიდერი
ფიქსირებული სიგრძის საკონტროლო ველი 01938nam a22002537a 4500
003 - საკონტროლო ნომრის იდენტიფიკატორი
საკონტროლო ველი Ge_BSU
005 - ბოლო ოპერაციის თარიღი და დრო
საკონტროლო ველი 20240731133143.0
008 - ფიქსირებული სიგრძის მონაცემთა ელემენტები - ზოგადი ინფორმაცია
ფიქსირებული სიგრძის საკონტროლო ველი 240731s2022 ge ||||| |||| 00| 0 geo d
020 ## - წიგნის საერთაშორისო სტანდარტული ნომერი
International Standard Book Number 9781839961205
041 ## - ენის კოდი
Language code of text/sound track or separate title geo
080 ## - უნივერსალური ათობითი კლასიფიკაციის ინდექსი
Universal Decimal Classification number 657.6(075.8) ა-90
245 ## - ცნობა სათაურის შესახებ
Title აუდიტი და მარწმუნებელი მომსახურება (ამმ)
Remainder of title სრული ტექსტი: ACCA : Audit and Assurance (AA) study text /
Statement of responsibility, etc მთარგმ: ბაბი ალავერდაშვილი, ქართლოს ღვინიაშვილი, რედ.ლავრენტი ჭუმბურიძე,
264 ## - წარმოების, გამოცემის, დისტრიბუციის და სხვა ცნობები
გამოცემის, წარმოების, დისტრიბუციის... ადგილი თბილისი :
გამოცემის, წარმოების, დისტრიბუციის... სახელწოდება ბაფი,
გამოცემის, წარმოების, დისტრიბუციის... თარიღი 2022.
300 ## - ფიზიკური აღწერა
Extent 509 გვ.:
Other physical details ცხრ;
Dimensions 29 სმ.
546 ## - LANGUAGE NOTE
Language note თავფურცლის მე-2 გვერდი ინგლისურ ენაზე.
653 ## - INDEX TERM--UNCONTROLLED
Uncontrolled term აუდიტი
653 ## - INDEX TERM--UNCONTROLLED
Uncontrolled term ბუღალტერია
653 ## - INDEX TERM--UNCONTROLLED
Uncontrolled term წიგნი გათვალისწინებულია ბუღალტერთა და აუდიტორთა პროფესიული სერტიფიცირებისათვის.
700 ## - ADDED ENTRY--PERSONAL NAME
Personal name ალავერდაშვილი, ბაბი
Relator term მთარგმნელი
9 (RLIN) 23026
700 ## - ADDED ENTRY--PERSONAL NAME
Personal name ღვინიაშვილი, ქართლოს
Relator term მთარგმნელი
9 (RLIN) 22699
700 ## - ADDED ENTRY--PERSONAL NAME
Personal name ჭუმბურიძე, ლავრენტი
Relator term რედაქტორი
9 (RLIN) 23027
710 ## - ADDED ENTRY--CORPORATE NAME
Corporate name or jurisdiction name as entry element წიგნი თარგმნილი და განახლებული რედაქციით გამოცემულია საქართველოს პროფესიონალ ბუღალტერთა და აუდიტორთა ფედერაციის (ბაფი) მიერ.
9 (RLIN) 23028
942 ## - ADDED ENTRY ELEMENTS (KOHA)
Source of classification or shelving scheme
Koha item type წიგნი
ეგზემპლარები
ჩამოწერის სტატუსი დაკარგული ეგზემპლარის სტატუსი კლასიფიკაციის წყარო ან თაროზე გაწყობის სქემა დაზიანების სტატუსი არ გაიცემა მუდმივი მდებარეობა (დაცვის ადგილი) ამჟამინდელი ადგილსამყოფელი თაროზე განთავსების ადგილი შეძენის თარიღი ღირებულება, შესყიდვის ნორმალური ფასი სრული შენახვის შიფრი შტრიხკოდი ბოლო ოპერაციის თარიღი ეგზემპლარის მიმდევრობითი ნომერი (კეტერი?) ფასის ძალაში შესვლის თარიღი ეგზემპლარის სახეობა საჯარო შენიშვნა
          ბათუმის შოთა რუსთაველის სახელმწიფო უნივერსიტეტის მთავარი ბიბლიოთეკა ბათუმის შოთა რუსთაველის სახელმწიფო უნივერსიტეტის მთავარი ბიბლიოთეკა წიგნსაცავი 2024-07-31 25.00 657.6(075.8) ა-90 66074 2024-07-31 66074 2024-07-31 წიგნი 25.00
          ბათუმის შოთა რუსთაველის სახელმწიფო უნივერსიტეტის მთავარი ბიბლიოთეკა ბათუმის შოთა რუსთაველის სახელმწიფო უნივერსიტეტის მთავარი ბიბლიოთეკა წიგნსაცავი 2024-07-31 25.00 657.6(075.8) ა-90 66075 2024-07-31 66075 2024-07-31 წიგნი 25.00
          ბათუმის შოთა რუსთაველის სახელმწიფო უნივერსიტეტის მთავარი ბიბლიოთეკა ბათუმის შოთა რუსთაველის სახელმწიფო უნივერსიტეტის მთავარი ბიბლიოთეკა წიგნსაცავი 2024-07-31 25.00 657.6(075.8) ა-90 66076 2024-07-31 66076 2024-07-31 წიგნი 25.00
          ბათუმის შოთა რუსთაველის სახელმწიფო უნივერსიტეტის მთავარი ბიბლიოთეკა ბათუმის შოთა რუსთაველის სახელმწიფო უნივერსიტეტის მთავარი ბიბლიოთეკა წიგნსაცავი 2024-07-31 25.00 657.6(075.8) ა-90 66077 2024-07-31 66077 2024-07-31 წიგნი 25.00
          ბათუმის შოთა რუსთაველის სახელმწიფო უნივერსიტეტის მთავარი ბიბლიოთეკა ბათუმის შოთა რუსთაველის სახელმწიფო უნივერსიტეტის მთავარი ბიბლიოთეკა წიგნსაცავი 2024-07-31 25.00 657.6(075.8) ა-90 66078 2024-07-31 66078 2024-07-31 წიგნი 25.00
          ბათუმის შოთა რუსთაველის სახელმწიფო უნივერსიტეტის მთავარი ბიბლიოთეკა ბათუმის შოთა რუსთაველის სახელმწიფო უნივერსიტეტის მთავარი ბიბლიოთეკა წიგნსაცავი 2024-07-31 25.00 657.6(075.8) ა-90 66079 2024-07-31 66079 2024-07-31 წიგნი 25.00